00334pab a2200121 454500008004000000100001700040245009500057260000900152300001300161362001200174650001300186773001300199180718b1978 xxu||||| |||| 00| 0 eng d aHalder, D.K. aImpact of rapid transit system on land-use and environment: The case of Calcutta Tube Rail c1978 ap.33-43. aJul-Sep aLand use aNagarlok